|
|
|
|
| LEADER |
00750nam a2200193Ia 4500 |
| 001 |
159534 |
| 008 |
170722s9999 xx 000 0 und d |
| 020 |
|
|
|a 8172681674
|
| 245 |
|
|
|a World gazetteer and geographical dictionary /
|
| 260 |
|
|
|a New Delhi :
|b Logos Press ,
|c 2008.
|
| 300 |
|
|
|a viii+575
|
| 500 |
|
|
|a 2V
|
| 653 |
|
|
|a World Gazetteer
|
| 700 |
|
|
|a Gunn , J.
|e editor.
|
| 923 |
|
|
|d 20081112
|n V369
|
| 942 |
|
|
|c REF
|
| 999 |
|
|
|c 138388
|d 138388
|
| 952 |
|
|
|0 0
|1 0
|4 0
|6 UK_P81_1P81_2R
|7 0
|8 R
|9 195672
|a LIB
|b LIB
|d 2013-03-25
|e Prabhus Books
|h II
|o Uk P81.1-P81.2(R)
|p 269899
|r 2017-08-12
|v 1500.00
|w 2017-08-12
|y REF
|
| 952 |
|
|
|0 0
|1 0
|4 0
|6 UK_P81_1P81_2R
|7 0
|8 R
|9 195673
|a LIB
|b LIB
|d 2013-03-25
|e Prabhus Books
|h II
|o Uk P81.1-P81.2(R)
|p 269900
|r 2017-08-12
|v 1500.00
|w 2017-08-12
|y REF
|